| 000 | 01171cam a22002531 4500 | ||
|---|---|---|---|
| 001 | 000017457 | ||
| 005 | 20200929165123.0 | ||
| 008 | 720831s1969 sp c 000 1 spa | ||
| 010 | _a74219502 | ||
| 035 | _a(OCoLC)396760 | ||
| 040 |
_aDO-SdBNP _cOAkU _dOCoLC _dNRU _dNBiSU _dDLC |
||
| 042 | _apremarc | ||
| 082 |
_aG861.4408 _bA859ó 1968 |
||
| 100 | 1 |
_aAsturias, Miguel Angel. _938170 |
|
| 245 | 0 | 0 |
_aObras completas. / _cPrologo de Jose Maria Souviron. |
| 260 |
_a[Madrid] : _bAguilar, _c[1969]. |
||
| 300 |
_a3 v. : _bports. ; _c19 cm. |
||
| 490 | 0 | _aBiblioteca Premios Nobel | |
| 505 | 0 | _at. 1. Leyendas de Guatemala. El senor presidente. Hombres de maiz. Sien de alondra. Ejercicios peeticos sobre temas de Horacio. 3. ed.--t. 2. Viento fuerte. El papa verde. Week-end en Guatemala. !Americanos todos! Ocelotle 33. La galla. "El Bueyon." Cadaveres para la publicidad. Los agrarios. Torotumbo. 2. ed.--t. 3. Mulata de tal. Los ojos de los enterrados. El alhajaditto. 2. ed. | |
| 650 | 4 |
_aPoesía guatemalteca _xColecciones _938171 |
|
| 650 | 4 |
_aLiteratura guatematelca _938172 |
|
| 700 | 1 |
_aSouviron, Jose Maria, _d1904- _938173 |
|
| 910 | _aCatalogación derivada | ||
| 999 |
_c16982 _d16982 |
||